Statistics for MLB Stadiums That Haven't Changed Names in Fifteen Years

Click here to take the quiz!

General Stats

  • This quiz has been taken 21 times
  • The average score is 6 of 14

Answer Stats

Same Name SinceStadium% Correct
1926Wrigley Field
95%
1912Fenway Park
89%
1962Dodger Stadium
58%
1992Oriole Park at Camden Yards
47%
1995Coors Field
37%
2002Minute Maid Park
37%
1996Tropicana Field
37%
2003Angel Stadium
32%
2003Great American Ball Park
32%
1999Safeco Field
32%
2000Comerica Park
26%
1993Kauffman Stadium
26%
2001PNC Park
26%
2001Miller Park
21%

Score Distribution

Percentile by Number Answered

Percent of People with Each Score

Your Score History

You have not taken this quiz